• 首页
  • 本馆介绍
  • 公告通知
  • 最新文献
  • 馆藏检索
  • 电子资源
  • 读者导购
  • 参考咨询
  • 我的图书馆
  • 登录
  • 详细信息显示
  • 放入我的书架
  • 预约/预借图书
  • 作者相关作品
  • 分类相关作品
  • 丛书相关作品
  • 出版社相关作品

书目信息

  • 表格格式
  • 工作单格式
  • 卡片格式
题名:
果园农药实用指南
    
 
作者: 张格成 编著
分册:  
出版信息: 北京   金盾出版社  1993.10
页数: 429页
开本: 19cm
丛书名:
单 册:
中图分类: S48-62
科图分类:
主题词: 植物--灾害--农药防治 , 植物--灾害--化学防治
电子资源:
ISBN: 7-80022-670-0
000 00606nam0 2200205 450
001 0733662715
005 20071214092357.67
010    @a7-80022-670-0@dCNY11.90
100    @a20071214d1993 km y0chiy0120 ea
101 0  @achi
102    @aCN@b110000
200 1  @a果园农药实用指南@Aguo yuan nong yao shi yong zhi nan@f张格成编著@Fzhang ge cheng bian zhu
210    @a北京@c金盾出版社@d1993.10
215    @a429页@d19cm
606 0  @a植物@x灾害@x农药防治
606 0  @a植物@x灾害@x化学防治
690    @aS48-62@v4
701  0 @a张格成@Azhang ge cheng@4编著
801  0 @aCN@bPFT@c20071214
905    @aBZT@dS48-62@e92
    
    果园农药实用指南/张格成编著.-北京:金盾出版社,1993.10
    429页;19cm
    
    
    ISBN 7-80022-670-0:CNY11.90
    
●
相关链接 在五车中查询图书 在当当中查询图书 在豆瓣中查询图书


正题名:果园农药实用指南     索取号:S48-62/92         预约/预借

序号 登录号 条形码 馆藏地/架位号 状态 备注
1 070439   220003678   中心书库中库/ 中库033架A面4列4层6/ [索取号:S48-62/92] 在馆    
2 070445   200830271   中心书库中库/ 中库033架A面4列5层34/ [索取号:S48-62/92] 在馆    
3 070446   220000067   中心书库中库/ 中库033架A面4列5层33/ [索取号:S48-62/92] 在馆    
4 070447   220000066   中心书库中库/ 中库033架A面4列5层41/ [索取号:S48-62/92] 在馆    
5 070448   220000065   中心书库中库/ 中库033架A面4列5层40/ [索取号:S48-62/92] 在馆    
6 070449   220000064   中心书库中库/ 中库033架A面4列5层39/ [索取号:S48-62/92] 在馆    
7 070450   220000063   中心书库中库/ 中库033架A面4列5层38/ [索取号:S48-62/92] 在馆    
8 070455   220000062   中心书库中库/ 中库033架A面4列5层36/ [索取号:S48-62/92] 在馆    
9 070456   220000061   中心书库中库/ 中库033架A面4列5层35/ [索取号:S48-62/92] 在馆    
10 070457   220000060   中心书库中库/ 中库033架A面4列5层37/ [索取号:S48-62/92] 在馆    
11 070458   220003677   中心书库中库/ 中库033架A面4列4层7/ [索取号:S48-62/92] 在馆    
12 105420   220003680   中心书库中库/ 中库033架A面4列4层5/ [索取号:S48-62/92] 在馆    
13 105421   220003679   中心书库中库/ 中库033架A面4列4层4/ [索取号:S48-62/92] 在馆    
14 105422   220003682   中心书库中库/ 中库033架A面4列4层3/ [索取号:S48-62/92] 在馆    
15 105423   220003681   中心书库中库/ 中库033架A面4列4层2/ [索取号:S48-62/92] 在馆    
16 105424   220003684   中心书库中库/ 中库033架A面4列4层1/ [索取号:S48-62/92] 在馆    
17 105425   220003683   中心书库中库/ 中库032架B面5列5层44/ [索取号:S48-62/92] 在馆    
18 105426   220003686   中心书库中库/ 中库033架A面4列4层8/ [索取号:S48-62/92] 在馆    
19 105427   220003685   中心书库中库/ 中库033架A面4列4层9/ [索取号:S48-62/92] 在馆    
山东省滨州职业学院图书馆 欢迎您!
大连网信软件有限公司© 版权所有